Valuing heritage assets (Record no. 109480)
[ view plain ]
| 000 -LEADER | |
|---|---|
| fixed length control field | 01514cad a22002775a 4500 |
| 001 - CONTROL NUMBER | |
| control field | E147217 |
| 008 - FIXED-LENGTH DATA ELEMENTS--GENERAL INFORMATION | |
| fixed length control field | 090416s2009 xxk f 000 0 eng d |
| 035 ## - SYSTEM CONTROL NUMBER | |
| System control number | (Sirsi) u147217 |
| 041 0# - LANGUAGE CODE | |
| Language code of text/sound track or separate title | eng |
| 050 04 - LIBRARY OF CONGRESS CALL NUMBER | |
| Classification number | 333.332 $2 18 |
| 100 1# - MAIN ENTRY--PERSONAL NAME | |
| Personal name | Sayce, Sarah |
| Titles and words associated with a name | Professor |
| 245 00 - TITLE STATEMENT | |
| Title | Valuing heritage assets |
| Remainder of title | final report of a research project, examining the case for the valuation of heritage assets |
| Medium | [electronic resource] |
| 260 ## - PUBLICATION, DISTRIBUTION, ETC. | |
| Place of publication, distribution, etc. | London |
| Name of publisher, distributor, etc. | RICS |
| Date of publication, distribution, etc. | 2009 |
| 505 2# - FORMATTED CONTENTS NOTE | |
| Formatted contents note | Executive summary -- Background to the research project -- The definition and classification of heritage assets -- The benefits and challenges of recognition -- The challenges for preparers -- Valuation methodologies -- Alternative valuation approaches -- Conclusions and recommendations -- Appendix, selected bibliography |
| 520 ## - SUMMARY, ETC. | |
| Summary, etc. | Reports on research carried out by Kingston University on behalf of RICS and HM Treasury. Examines issues relating to the valuation of assets within the balance sheets of private and public sector organisations, and makes recommendations for changes to current practice, as set out in the Accounting Standards Board's Financial Reporting Exposure Drafts 40 and 42. |
| 521 ## - TARGET AUDIENCE NOTE | |
| Target audience note | Advanced |
| 590 ## - LOCAL NOTE (RLIN) | |
| Local note | KA |
| 651 #4 - SUBJECT ADDED ENTRY--GEOGRAPHIC NAME | |
| Geographic name | United Kingdom |
| Chronological subdivision | |
| 690 ## - LOCAL SUBJECT ADDED ENTRY--TOPICAL TERM (OCLC, RLIN) | |
| Topical term or geographic name as entry element | PROPERTY-PROPERTY APPRAISAL AND VALUATION |
| 700 1# - ADDED ENTRY--PERSONAL NAME | |
| Personal name | Britton, Paul |
| 700 1# - ADDED ENTRY--PERSONAL NAME | |
| Personal name | Morris, Alistair |
| 700 1# - ADDED ENTRY--PERSONAL NAME | |
| Personal name | Sundberg, Anna |
| 700 1# - ADDED ENTRY--PERSONAL NAME | |
| Personal name | Watkins, David |
| 856 40 - ELECTRONIC LOCATION AND ACCESS | |
| Uniform Resource Identifier | <a href="https://eprints.kingston.ac.uk/15845/1/Sayce-S-15845.pdf">https://eprints.kingston.ac.uk/15845/1/Sayce-S-15845.pdf</a> |
| 942 ## - ADDED ENTRY ELEMENTS (KOHA) | |
| Suppress in OPAC | 0 |
| Withdrawn status | Lost status | Source of classification or shelving scheme | Damaged status | Not for loan | Home library | Current library | Shelving location | Date acquired | Total Checkouts | Full call number | Barcode | Date last seen | Copy number | Price effective from | Koha item type |
|---|---|---|---|---|---|---|---|---|---|---|---|---|---|---|---|
| Dewey Decimal Classification | Virtual | Virtual | Online | 16/04/2009 | ONLINE PUBLICATION | 147217-2001 | 06/08/2019 | 1 | 06/08/2019 | Book |